Twilight Eclipse soundtrack Artists - Statistics

General Stats
  • This quiz has been taken 7 times
  • The average score is 6 of 15
Answer Stats
song Artist % Correct
Neutron Star Collision ( Love is Forever) Muse
67%
My Love Sia
67%
What Part of Forever Cee Lo Green
50%
Heavy In Your Arms Florence + the Machine
50%
Jacob's Theme Howard Shore
50%
Eclipse ( All Yours) Metric
50%
Life on Earth Band of Horses
33%
Let's Get Lost Beck, Bat for LAshes
33%
A Million Miles an Hour Eastern Conference Champions
33%
Atlas Fanfarlo
33%
With You in My Head The Black Angels, Unkle
33%
Chop and Change The Black Keys
33%
Ours The Bravery
33%
Rolling in on a Burning Tire The Dead Weather
33%
Jonathon Low Vampire Weekend
33%
No matching quizzes found
Score Distribution
Percent of People with Each Score
Percentile by Number Answered
Your Score History
You have not taken this quiz